| 000 | 00767nam a22002172 4500 | ||
|---|---|---|---|
| 001 | 0000013256 | ||
| 005 | 20151217145901.0 | ||
| 008 | 090720s xx 000 0 eng d | ||
| 020 | _a0802847041 : | ||
| 040 |
_aKABU _cKABU |
||
| 100 | 1 |
_aBenne, Robert. _@0000170407 |
|
| 245 | 1 | 0 |
_aQuality with soul : _bhow six premier colleges and universities keep faith with their religious traditions / _cRobert Benne. |
| 250 | _a1st ed. | ||
| 260 |
_aGrand Rapids, MI : _bW. B. Eerdmans, _c2001. |
||
| 300 | _axii, 217 p. | ||
| 650 | 0 |
_aChurch colleges _xCase studies _zUnited States. _@0000170408 |
|
| 650 | 0 |
_aSecularism _xCase studies _zUnited States. _@0000170409 |
|
| 852 | 1 | _9p1965.60 KES | |
| 908 | _a090720 | ||
| 950 | _@1 | ||
| 999 |
_c3697 _d3697 |
||